MARC

LEADER 00000nam0a2200000 4500
001 274046
005 20231101234705.0
020 |a RU  |b 87-88585 
035 |a (RuTPU)RU\TPU\book\297256 
090 |a 274046 
100 |a 20141030d1987 k y0rusy5003 ca 
101 0 |a rus 
102 |a RU 
105 |a y z 001zy 
200 1 |a Саудовская Аравия. Нефть, ислам, политика  |f Л. В. Валькова  |g Академия наук СССР (АН СССР), Институт востоковедения (ИВ) 
210 |a Москва  |c Наука  |d 1987 
215 |a 256 с. 
320 |a Библиогр.: с. 244-248 (190 назв.) 
320 |a Указ. имен: с. 249-251 
606 1 |a Международные отношения в Азии  |2 stltpush  |3 (RuTPU)RU\TPU\subj\68723  |9 83889 
610 1 |a нефтяная промышленность 
610 1 |a ислам 
610 1 |a политика 
610 1 |a внешняя политика 
610 1 |a Ближний Восток 
610 1 |a Саудовская Аравия 
610 1 |a 20 век 
686 |a Ф4(5)  |v LBC/SL-A  |2 rubbk 
700 1 |a Валькова  |b Л. В.  |g Лидия Васильевна  |4 070 
712 0 2 |a Академия наук СССР (АН СССР)  |b Институт востоковедения (ИВ)  |c (Москва)  |2 stltpush  |3 (RuTPU)RU\TPU\col\11263 
801 0 |a RU  |b RuMRKP  |c 19950417  |g psbo 
801 1 |a RU  |b 63413507  |c 20141030 
801 2 |a RU  |b 63413507  |c 20170323  |g RCR 
942 |c BK